| 000 | 00396nam a2200145Ia 4500 | ||
|---|---|---|---|
| 008 | 231129s1978||||xx |||||||||||||| ||spa|| | ||
| 020 | _a84-7032-060-2 | ||
| 040 | _bspa | ||
| 082 | _a621.31924 L177i | ||
| 100 | _aLagoma Alfonso | ||
| 245 | 0 | _aInstalaciones modernas de luz fuerza y radio | |
| 260 | _c1978 | ||
| 264 | _aJuan Bruguer | ||
| 942 |
_2ddc _cBKS |
||
| 999 |
_c15739 _d15739 |
||